|
|
|
|
| LEADER |
00874cam a2200253 7i4500 |
| 001 |
0000036189 |
| 005 |
20191129090000.0 |
| 007 |
##ta |
| 008 |
191129s2011 enka 001 0 eng |
| 020 |
# |
# |
|a 9780749462376
|
| 040 |
# |
# |
|a MATR
|
| 090 |
0 |
0 |
|a B 382
|b REU
|
| 100 |
1 |
# |
|a Reuvid, Jonathan
|e author
|
| 245 |
1 |
0 |
|a INTERNATIONAL TRADE :
|b AN ESSENTIAL GUIDE TO THE PRINCIPLES AND PRACTICE OF EXPORT
|c Jonathan Reuvid and Jim Sherlock.
|
| 264 |
# |
1 |
|a London, UK
|a Philadelphia, USA:
|b Kogan Page,
|c 2011.
|
| 300 |
# |
# |
|a xviii, 389 pages:
|b illustrations;
|c 24 cm.
|
| 336 |
# |
# |
|a text
|2 rdacontent
|
| 337 |
# |
# |
|a unmediated
|2 rdamedia
|
| 338 |
# |
# |
|a volume
|2 rdacarrier
|
| 504 |
# |
# |
|a Includes bibliographical references and index
|
| 650 |
# |
0 |
|a Export marketing
|
| 650 |
# |
0 |
|a International trade
|
| 700 |
1 |
# |
|a Sherlock, Jim
|
| 999 |
|
|
|a B000040926
|b Book
|c Book
|e Business Information Centre
|